[Event "Hilton Open 2013"]
[Site "Basel"]
[Date "2013.01.01"]
[Round "1.4"]
[White "Bhend, Edwin"]
[Black "Melkumyan, Hrant"]
[Result "1/2-1/2"]
[WhiteElo "2248"]
[BlackElo "2649"]
[PlyCount "124"]
[EventDate "2013.01.??"]
[EventType "swiss"]
[EventRounds "7"]
[EventCountry "SUI"]
[SourceDate "2013.01.01"]

1. e4 e5 2. Bc4 Nf6 3. Nc3 Nc6 4. d3 Na5 5. Nge2 Nxc4 6. dxc4 Bc5 7. f3 a6 8.
Qd3 d6 9. Be3 Nd7 10. O-O Qg5 11. Nd5 O-O 12. Rf2 Qd8 13. b3 Bxe3 14. Qxe3 b5
15. Qc3 Nc5 16. Qa5 bxc4 17. Qxc7 Qxc7 18. Nxc7 Ra7 19. Nd5 Be6 20. Nec3 g6 21.
b4 Nd7 22. Rd2 Nb8 23. Ne2 Nc6 24. c3 Rd8 25. Rad1 Kf8 26. Ng3 Rb7 27. Nf1 a5
28. a3 axb4 29. axb4 Na7 30. Nfe3 Rc8 31. Ra1 Nb5 32. g4 h6 33. Kf2 Kg7 34.
Rda2 Rbb8 35. Ke2 Rf8 36. Ra5 f6 37. Rxb5 Rxb5 38. Nc7 Bd7 39. Nxb5 Bxb5 40.
Ra7+ Rf7 41. Rxf7+ Kxf7 42. h4 Ke6 43. Kf2 Ba6 44. h5 gxh5 45. gxh5 Bb5 46. Kg3
Be8 47. Kg4 Bd7 48. Kh4 Bb5 49. Nd5 Bc6 50. Ne3 d5 51. exd5+ Bxd5 52. Kg4 Bc6
53. Nxc4 f5+ 54. Kg3 Be8 55. f4 exf4+ 56. Kxf4 Bxh5 57. Ne3 Bg6 58. c4 h5 59.
Ng2 Bf7 60. Nh4 Kd7 61. c5 Kc6 62. Nxf5 Kb5 1/2-1/2

[Event "Hilton Open 2013"]
[Site "Basel"]
[Date "2013.01.01"]
[Round "1.5"]
[White "Turov, Maxim"]
[Black "Curien, Nicolas"]
[Result "1-0"]
[WhiteElo "2630"]
[BlackElo "2239"]
[PlyCount "125"]
[EventDate "2013.01.??"]
[EventType "swiss"]
[EventRounds "7"]
[EventCountry "SUI"]
[SourceDate "2013.01.01"]

1. c4 e6 2. Nc3 d5 3. d4 c6 4. e4 Bb4 5. Qb3 Bxc3+ 6. Qxc3 dxe4 7. f3 Nd7 8.
Bf4 c5 9. O-O-O Qf6 10. Be3 cxd4 11. Bxd4 e5 12. Be3 Ne7 13. fxe4 O-O 14. Nf3
Nc6 15. c5 Qg6 16. Rd6 Nf6 17. Nxe5 Qxe4 18. Nxc6 bxc6 19. Qd4 Bf5 20. Qxe4
Bxe4 21. Bd4 Rfd8 22. Bxf6 Rxd6 23. cxd6 gxf6 24. Bc4 Rd8 25. Rd1 Rd7 26. g3
Kg7 27. b4 f5 28. Kb2 Kf6 29. Kc3 Ke5 30. Bxf7 Rxd6 31. Rxd6 Kxd6 32. Kd4 h6
33. a3 Bf3 34. Bg6 Bg4 35. Ke3 Ke5 36. Be8 Kd6 37. Kf4 Bh3 38. Bf7 Bg4 39. h4
Bh3 40. Bc4 Bg4 41. Ba6 c5 42. bxc5+ Kxc5 43. Bd3 Kd6 44. Bxf5 Bd1 45. g4 Ke7
46. g5 hxg5+ 47. Kxg5 Kf7 48. Bd3 Kg7 49. h5 Bb3 50. h6+ Kh8 51. Kf6 a5 52. Ke5
a4 53. Kd4 Bf7 54. Bc2 Be8 55. Kc5 Bd7 56. Kb4 Be8 57. Bxa4 Bg6 58. Bb3 Kh7 59.
a4 Bf5 60. a5 Bc8 61. Kb5 Kxh6 62. Kb6 Kg6 63. Bd5 1-0

[Event "Hilton Open 2013"]
[Site "Basel"]
[Date "2013.01.01"]
[Round "1.6"]
[White "Melkumjanz, Nikolay"]
[Black "Bartel, Mateusz"]
[Result "0-1"]
[WhiteElo "2256"]
[BlackElo "2629"]
[PlyCount "108"]
[EventDate "2013.01.??"]
[EventType "swiss"]
[EventRounds "7"]
[EventCountry "SUI"]
[SourceDate "2013.01.01"]

1. e4 g6 2. d4 Bg7 3. Nc3 c6 4. Nge2 d5 5. e5 f6 6. f4 Nh6 7. h3 O-O 8. Be3 Nd7
9. g4 fxe5 10. dxe5 e6 11. Nd4 Qh4+ 12. Bf2 Qe7 13. g5 Nf5 14. Bg2 Nb6 15. O-O
Bd7 16. Nb3 Rf7 17. Nc5 Nc4 18. Nxd7 Qxd7 19. Qc1 Qc7 20. b3 Nxe5 21. fxe5 Qxe5
22. Na4 Nd4 23. Qe1 Ne2+ 24. Kh1 Raf8 25. Rd1 Rxf2 26. Rxf2 Ng3+ 27. Kg1 Qxe1+
28. Rxe1 Bd4 29. Kh2 Bxf2 30. Rxe6 Nf5 31. c4 dxc4 32. bxc4 Bd4 33. c5 Kf7 34.
Re1 Re8 35. Rb1 Re2 36. Kh1 Rxa2 37. Rxb7+ Ke6 38. Rb1 Rxa4 39. Bxc6 Ra1 40.
Rxa1 Bxa1 41. Ba4 Kd5 42. c6 Kd6 43. Kg2 Ne7 44. h4 Nxc6 45. h5 Ne5 46. Kg3 Bc3
47. Bb3 Bd2 48. Kh4 Be1+ 49. Kh3 gxh5 50. Kg2 Bd2 51. Bg8 Bxg5 52. Bxh7 a5 53.
Bc2 Kc5 54. Bd1 Ng4 0-1

[Event "Hilton Open 2013"]
[Site "Basel"]
[Date "2013.01.01"]
[Round "1.7"]
[White "Istratescu, Andrei"]
[Black "Tschann, Stephan"]
[Result "1-0"]
[WhiteElo "2654"]
[BlackElo "2224"]
[PlyCount "83"]
[EventDate "2013.01.??"]
[EventType "swiss"]
[EventRounds "7"]
[EventCountry "SUI"]
[SourceDate "2013.01.01"]

1. d4 d5 2. c4 c6 3. Nf3 Nf6 4. Qb3 dxc4 5. Qxc4 Bg4 6. Nbd2 Nbd7 7. g3 e6 8.
Bg2 Be7 9. O-O O-O 10. h3 Bh5 11. g4 Bg6 12. Ne5 Nxe5 13. dxe5 Nd7 14. f4 Nb6
15. Qb3 Qd4+ 16. Kh1 Bb4 17. e3 Qc5 18. f5 exf5 19. gxf5 Bh5 20. Ne4 Qc4 21.
Qxc4 Nxc4 22. Ng3 g6 23. Rf4 b5 24. Nxh5 gxh5 25. Bxc6 Rad8 26. Bxb5 Rd1+ 27.
Kg2 Nxe5 28. Rxb4 Rc8 29. f6 Rc2+ 30. Kg3 a6 31. Bxa6 h4+ 32. Kf4 Nc6 33. Rc4
Rf2+ 34. Kg5 h6+ 35. Kxh4 Ne5 36. Rc5 Ng6+ 37. Kg3 Rxf6 38. Be2 Rg1+ 39. Kh2
Re1 40. Rc2 Ne5 41. b4 Rg6 42. Bb2 1-0

[Event "Hilton Open 2013"]
[Site "Basel"]
[Date "2013.01.01"]
[Round "1.8"]
[White "Winterberg, Lukas"]
[Black "Pelletier, Yannick"]
[Result "0-1"]
[WhiteElo "2212"]
[BlackElo "2604"]
[PlyCount "140"]
[EventDate "2013.01.??"]
[EventType "swiss"]
[EventRounds "7"]
[EventCountry "SUI"]
[SourceDate "2013.01.01"]

1. d4 e6 2. e4 d5 3. e5 c5 4. c3 Nc6 5. Nf3 Qb6 6. a3 c4 7. Nbd2 f6 8. Be2 fxe5
9. Nxe5 Nxe5 10. dxe5 Bc5 11. O-O Ne7 12. b4 cxb3 13. Nxb3 O-O 14. Nxc5 Qxc5
15. Qd3 Qc7 16. f4 Bd7 17. a4 Rac8 18. Rf3 Be8 19. g4 Bg6 20. Qe3 Be4 21. Rf1
Qxc3 22. Qxc3 Rxc3 23. Ba3 Kf7 24. f5 Rfc8 25. Bxe7 Kxe7 26. f6+ gxf6 27. exf6+
Kf7 28. g5 Kg6 29. Bg4 Kxg5 30. Bxe6 Rf8 31. Rad1 Bf3 32. Rde1 Rxf6 33. Bxd5
Bxd5 34. Re5+ Kg6 35. Rxd5 Rxf1+ 36. Kxf1 Rb3 37. Kf2 Rb4 38. Rd7 h5 39. a5 a6
40. Ke3 Kg5 41. Rd4 Rb5 42. Ra4 Kf5 43. Rh4 Ke6 44. Ra4 Ke5 45. Re4+ Kd6 46.
Ra4 Rb2 47. Rh4 Rb3+ 48. Kf2 Rb5 49. Ra4 Kc5 50. Rh4 Kc6 51. Ra4 Rc5 52. Ra2
Rc4 53. Re2 Rc5 54. Ra2 Rb5 55. Ra4 Rb2+ 56. Kg3 Kb5 57. Ra1 Rb4 58. h4 Rg4+
59. Kh3 Ra4 60. Rb1+ Rb4 61. Ra1 Rb3+ 62. Kg2 Kb4 63. Ra2 Kc3 64. Kg3 Rb4 65.
Ra3+ Kb2 66. Re3 Rb5 67. Re7 Kc3 68. Kf4 Kb4 69. Ke3 Kxa5 70. Kd3 Kb4 0-1

[Event "Hilton Open 2013"]
[Site "Basel"]
[Date "2013.01.01"]
[Round "1.9"]
[White "Vajda, Levente"]
[Black "Grandadam, Patrick"]
[Result "1-0"]
[WhiteElo "2603"]
[BlackElo "2196"]
[PlyCount "67"]
[EventDate "2013.01.??"]
[EventType "swiss"]
[EventRounds "7"]
[EventCountry "SUI"]
[SourceDate "2013.01.01"]

1. e4 c5 2. c3 d5 3. exd5 Qxd5 4. d4 Nf6 5. Nf3 Bg4 6. dxc5 Qxc5 7. h3 Bh5 8.
a4 e5 9. a5 Nbd7 10. Be3 Qc7 11. Bb5 Bc5 12. Bxc5 Qxc5 13. Bxd7+ Nxd7 14. O-O
Rd8 15. Nbd2 O-O 16. Re1 Qc7 17. Qb3 Kh8 18. Qc4 Qxc4 19. Nxc4 f6 20. b4 Bxf3
21. gxf3 Rc8 22. Nd6 Rxc3 23. Nxb7 Rb8 24. Rec1 Rb3 25. Rc7 Nf8 26. Nc5 R3xb4
27. Rxa7 Rc4 28. Rc7 Rb5 29. Ne6 Rxc7 30. Nxc7 Rc5 31. Na8 Kg8 32. a6 Nd7 33.
a7 Kf7 34. Rd1 1-0

[Event "Hilton Open 2013"]
[Site "Basel"]
[Date "2013.01.01"]
[Round "1.10"]
[White "Villegas, Pierre"]
[Black "Ghaem Maghami, Ehsan"]
[Result "1/2-1/2"]
[WhiteElo "2202"]
[BlackElo "2572"]
[PlyCount "113"]
[EventDate "2013.01.??"]
[EventType "swiss"]
[EventRounds "7"]
[EventCountry "SUI"]
[SourceDate "2013.01.01"]

1. d4 Nf6 2. c4 e6 3. Nc3 Bb4 4. Qc2 O-O 5. a3 Bxc3+ 6. Qxc3 b6 7. Bg5 Bb7 8.
e3 d6 9. Ne2 Nbd7 10. Qc2 e5 11. d5 c6 12. dxc6 Bxc6 13. Nc3 h6 14. Bh4 Qc7 15.
Qd2 g5 16. Bg3 Nc5 17. Rd1 Rad8 18. Qc2 Nce4 19. f3 Nxg3 20. hxg3 Kg7 21. Kf2
d5 22. cxd5 Bxd5 23. Be2 Be6 24. Qa4 a5 25. Rxd8 Rxd8 26. Rd1 Rxd1 27. Qxd1 Ne8
28. g4 Nf6 29. Qd3 Ne8 30. Qe4 Nf6 31. Qd3 Qd7 32. Qxd7 Nxd7 33. Bb5 Nc5 34.
Na4 Nxa4 35. Bxa4 e4 36. Bc2 exf3 37. gxf3 Kf6 38. e4 Ke5 39. Ke3 f6 40. Bd3
Bf7 41. Bb5 h5 42. gxh5 Bxh5 43. Ba6 Bf7 44. Bd3 Bb3 45. Bf1 Bd1 46. Bg2 Bb3
47. Bf1 Be6 48. Bb5 Bh3 49. Be2 Bg2 50. Kf2 Bh3 51. Ke3 f5 52. exf5 Bxf5 53. b4
Kd5 54. bxa5 bxa5 55. f4 gxf4+ 56. Kxf4 Be4 57. Ke3 1/2-1/2

[Event "Hilton Open 2013"]
[Site "Basel"]
[Date "2013.01.01"]
[Round "1.11"]
[White "Van Kampen, Robin"]
[Black "Kvetny, Mark"]
[Result "1-0"]
[WhiteElo "2570"]
[BlackElo "2201"]
[PlyCount "75"]
[EventDate "2013.01.??"]
[EventType "swiss"]
[EventRounds "7"]
[EventCountry "SUI"]
[SourceDate "2013.01.01"]

1. e4 c5 2. Nf3 d6 3. d4 cxd4 4. Nxd4 Nf6 5. Nc3 a6 6. h3 e6 7. g4 Be7 8. g5
Nfd7 9. h4 b5 10. a3 Bb7 11. Be3 Nc6 12. Nxc6 Bxc6 13. Qd4 O-O 14. O-O-O Rc8
15. Kb1 Bb7 16. f4 Qa5 17. h5 e5 18. fxe5 Nxe5 19. h6 g6 20. Rh2 Rfe8 21. Rf2
Qd8 22. Rg2 Bf8 23. Nd5 Bxd5 24. exd5 Nc4 25. Bg1 Qe7 26. a4 Qc7 27. Bxc4 Qxc4
28. Qf6 Re2 29. Rxe2 Qxe2 30. Rc1 Qe5 31. Bd4 Qxf6 32. Bxf6 Re8 33. axb5 axb5
34. c4 b4 35. Kc2 Be7 36. Re1 Kf8 37. Bg7+ Kg8 38. Kb3 1-0

[Event "Hilton Open 2013"]
[Site "Basel"]
[Date "2013.01.01"]
[Round "1.12"]
[White "Aerni, Andi"]
[Black "Fier, Alexandr"]
[Result "0-1"]
[WhiteElo "2206"]
[BlackElo "2567"]
[PlyCount "66"]
[EventDate "2013.01.??"]
[EventType "swiss"]
[EventRounds "7"]
[EventCountry "SUI"]
[SourceDate "2013.01.01"]

1. e4 c5 2. c3 Nf6 3. e5 Nd5 4. d4 cxd4 5. Nf3 Nc6 6. cxd4 g6 7. Qb3 e6 8. Nc3
d6 9. Bb5 Nxc3 10. bxc3 Bd7 11. O-O a6 12. Bxc6 Bxc6 13. c4 d5 14. c5 Be7 15.
Qe3 h6 16. Nd2 g5 17. f4 gxf4 18. Qxf4 Rh7 19. Qg4 Kd7 20. Nb3 Qg8 21. Qf3 Bb5
22. Rf2 f6 23. exf6 Rf8 24. Qc3 Bxf6 25. c6+ Bxc6 26. Nc5+ Kc8 27. Nxb7 Kxb7
28. Rb1+ Bb5 29. a4 Rc7 30. Qa1 Qg4 31. Be3 Bg5 32. Rxf8 Bxe3+ 33. Kh1 Rc2 0-1

[Event "Hilton Open 2013"]
[Site "Basel"]
[Date "2013.01.01"]
[Round "1.14"]
[White "Michaelis, Nico"]
[Black "Gavrilov, Alexei"]
[Result "0-1"]
[WhiteElo "2165"]
[BlackElo "2501"]
[PlyCount "74"]
[EventDate "2013.01.??"]
[EventType "swiss"]
[EventRounds "7"]
[EventCountry "SUI"]
[SourceDate "2013.01.01"]

1. c4 e5 2. Nc3 Nf6 3. g3 Bb4 4. Bg2 O-O 5. d3 Re8 6. Nf3 e4 7. dxe4 Nxe4 8.
Qd3 Na6 9. Be3 Nac5 10. Qc2 Bxc3+ 11. bxc3 d6 12. Nd4 Bd7 13. Nb3 Bf5 14. Qc1
Qf6 15. Nxc5 dxc5 16. O-O b6 17. Re1 Rac8 18. Qa3 a5 19. Rac1 h5 20. Bxe4 Rxe4
21. Rcd1 Qe6 22. Rd5 Re8 23. Qc1 Rxc4 24. Qd2 Re4 25. Rd8 Rxd8 26. Qxd8+ Kh7
27. Qd2 h4 28. Bf4 Ra4 29. Bxc7 hxg3 30. hxg3 f6 31. f3 Rxa2 32. Qf4 g5 33. Qd6
Qxd6 34. Bxd6 a4 35. e4 Bc8 36. Rb1 a3 37. c4 Rb2 0-1

[Event "Hilton Open 2013"]
[Site "Basel"]
[Date "2013.01.01"]
[Round "1.15"]
[White "Kurmann, Oliver"]
[Black "Wirz, Heinz"]
[Result "1-0"]
[WhiteElo "2456"]
[BlackElo "2161"]
[PlyCount "61"]
[EventDate "2013.01.??"]
[EventType "swiss"]
[EventRounds "7"]
[EventCountry "SUI"]
[SourceDate "2013.01.01"]

1. e4 e6 2. d4 d5 3. Nd2 Nf6 4. e5 Nfd7 5. f4 c5 6. c3 Nc6 7. Ndf3 cxd4 8. cxd4
Qb6 9. a3 Be7 10. b4 a5 11. b5 Na7 12. Rb1 Qd8 13. Bd3 Nb6 14. Ne2 Bd7 15. a4
Rc8 16. O-O Nc4 17. g4 g6 18. f5 gxf5 19. gxf5 exf5 20. Ng3 f4 21. Nf5 Rg8+ 22.
Kh1 Ne3 23. Bxe3 fxe3 24. Rg1 Rxg1+ 25. Qxg1 Bxf5 26. Bxf5 Rc3 27. Qg8+ Bf8 28.
Ng5 Qc7 29. b6 Rc1+ 30. Kg2 Rc2+ 31. Kg3 1-0

[Event "Hilton Open 2013"]
[Site "Basel"]
[Date "2013.01.01"]
[Round "1.16"]
[White "Prill, Daniel"]
[Black "Vorotnikov, Vladislav V"]
[Result "0-1"]
[WhiteElo "2154"]
[BlackElo "2464"]
[PlyCount "114"]
[EventDate "2013.01.??"]
[EventType "swiss"]
[EventRounds "7"]
[EventCountry "SUI"]
[SourceDate "2013.01.01"]

1. e4 e5 2. Nf3 d6 3. Bc4 Nc6 4. c3 Qe7 5. d3 g6 6. Be3 Bg7 7. Ng5 Nh6 8. h4 f6
9. Nh3 Ng4 10. Bd2 h5 11. Qb3 a6 12. Bd5 Nd8 13. Qc2 Ne6 14. f3 Nh6 15. Be3 c6
16. Bb3 Nc5 17. Nd2 Nxb3 18. axb3 Nf7 19. Nc4 Be6 20. O-O-O b5 21. Nd2 a5 22.
Kb1 a4 23. b4 c5 24. d4 cxd4 25. cxd4 O-O 26. d5 Bd7 27. Rc1 Rfc8 28. Qd3 f5
29. Bg5 Nxg5 30. Nxg5 Bh6 31. exf5 gxf5 32. g4 e4 33. fxe4 fxg4 34. e5 Bxg5 35.
Qg6+ Qg7 36. Qxg5 Qxg5 37. Rxc8+ Rxc8 38. hxg5 dxe5 39. Rxh5 Bf5+ 40. Ka2 Rc2
41. g6 Bxg6 42. Rg5 Rxd2 43. Rxg6+ Kf7 44. Rxg4 Rxd5 45. Rg3 Kf6 46. b3 axb3+
47. Kxb3 e4 48. Kc3 Kf5 49. Rh3 Kg4 50. Re3 Kf4 51. Rh3 e3 52. Rh4+ Kf3 53.
Rh3+ Kf2 54. Rh8 e2 55. Rf8+ Ke3 56. Re8+ Kf3 57. Rf8+ Ke4 0-1

[Event "Hilton Open 2013"]
[Site "Basel"]
[Date "2013.01.01"]
[Round "1.17"]
[White "Heimann, Andreas"]
[Black "Eidinger, Helmut"]
[Result "1-0"]
[WhiteElo "2490"]
[BlackElo "2137"]
[PlyCount "55"]
[EventDate "2013.01.??"]
[EventType "swiss"]
[EventRounds "7"]
[EventCountry "SUI"]
[SourceDate "2013.01.01"]

1. e4 c5 2. Nf3 Nc6 3. d4 cxd4 4. Nxd4 Nf6 5. Nc3 d6 6. Bg5 e6 7. Qd2 Be7 8.
O-O-O Nxd4 9. Qxd4 O-O 10. f3 Qa5 11. Qd2 Rd8 12. Kb1 h6 13. Nd5 Qxd2 14. Nxe7+
Kf8 15. Ng6+ fxg6 16. Bxd2 g5 17. Bb4 Ne8 18. e5 Ke7 19. exd6+ Nxd6 20. Be2 a5
21. Bc5 b6 22. Bxb6 Rd7 23. Bc5 Bb7 24. Bb5 Rdd8 25. Rhe1 Rac8 26. Ba3 g4 27.
Rd3 gxf3 28. gxf3 1-0

[Event "Hilton Open 2013"]
[Site "Basel"]
[Date "2013.01.01"]
[Round "1.18"]
[White "Stolniceanu, Victor Dumitru"]
[Black "Dann, Matthias"]
[Result "0-1"]
[WhiteElo "2135"]
[BlackElo "2432"]
[PlyCount "116"]
[EventDate "2013.01.??"]
[EventType "swiss"]
[EventRounds "7"]
[EventCountry "SUI"]
[SourceDate "2013.01.01"]

1. e4 d5 2. exd5 Qxd5 3. Nc3 Qa5 4. Nf3 Nf6 5. Bb5+ c6 6. Be2 g6 7. O-O Bg7 8.
d4 O-O 9. Bd2 Qb6 10. Na4 Qc7 11. Qc1 Bf5 12. Nc5 b6 13. Bf4 Qc8 14. Nd3 Nbd7
15. c4 c5 16. d5 e6 17. dxe6 Bxe6 18. Ng5 Bf5 19. h3 Re8 20. Qc2 h6 21. Nf3 g5
22. Bg3 Nf8 23. Rfe1 Ng6 24. Bf1 Qc6 25. Nfe5 Nxe5 26. Rxe5 Bg6 27. Rae1 Ne4
28. Rxe8+ Rxe8 29. Bh2 Bd4 30. Qe2 Re6 31. g4 Nxf2 32. Nxf2 Rxe2 33. Rxe2 Bd3
34. Rd2 Bxf1 35. Kxf1 Qf3 36. b3 f5 37. gxf5 h5 38. Bg1 g4 39. Rd3 Qxf5 40.
hxg4 hxg4 41. Rg3 Qb1+ 42. Kg2 Qxa2 43. Rxg4+ Kf7 44. Rf4+ Ke6 45. Rf3 a5 46.
Rh3 Kd7 47. Rd3 Kc6 48. Kf3 a4 49. bxa4 Qxc4 50. Ke2 Qxa4 51. Rg3 Qc2+ 52. Kf3
b5 53. Nh3 Qd3+ 54. Kg4 Qe4+ 55. Nf4 Bxg1 56. Rxg1 b4 57. Rg2 Qxg2+ 58. Nxg2 b3
0-1

[Event "Hilton Open 2013"]
[Site "Basel"]
[Date "2013.01.01"]
[Round "1.19"]
[White "Aguera Naredo, Javier"]
[Black "Heinis, Vincent"]
[Result "1-0"]
[WhiteElo "2417"]
[BlackElo "2101"]
[PlyCount "67"]
[EventDate "2013.01.??"]
[EventType "swiss"]
[EventRounds "7"]
[EventCountry "SUI"]
[SourceDate "2013.01.01"]

1. e4 c5 2. Nf3 Nc6 3. Bb5 g6 4. O-O Bg7 5. c3 Nf6 6. Qe2 O-O 7. Rd1 Qb6 8. Na3
d5 9. d3 a6 10. Ba4 Qc7 11. Bg5 dxe4 12. dxe4 h6 13. Bh4 Nh5 14. Bxc6 Qxc6 15.
Bxe7 Re8 16. Rd8 Rxd8 17. Bxd8 Bh3 18. Qd2 Qxe4 19. Re1 Qg4 20. Nh4 Qd7 21.
Qxd7 Bxd7 22. Bb6 g5 23. Nf3 Nf4 24. Rd1 Bc6 25. Ne1 Re8 26. g3 Nh3+ 27. Kf1
Re5 28. Rd8+ Kh7 29. Nd3 Rf5 30. Bxc5 Be4 31. Be3 b5 32. Nc5 b4 33. cxb4 Bc6
34. Nc4 1-0

[Event "Hilton Open 2013"]
[Site "Basel"]
[Date "2013.01.01"]
[Round "1.20"]
[White "Graeber, Fabien"]
[Black "Lekic, Dusan"]
[Result "0-1"]
[WhiteElo "2094"]
[BlackElo "2411"]
[PlyCount "44"]
[EventDate "2013.01.??"]
[EventType "swiss"]
[EventRounds "7"]
[EventCountry "SUI"]
[SourceDate "2013.01.01"]

1. c4 e5 2. Nc3 Nf6 3. Nf3 Nc6 4. g3 d5 5. cxd5 Nxd5 6. Bg2 Nb6 7. O-O Be7 8.
a3 g5 9. d3 g4 10. Nd2 h5 11. b4 h4 12. Nb3 a5 13. Be3 axb4 14. axb4 Rb8 15. b5
Nd4 16. Ra7 Be6 17. Bxd4 exd4 18. Ne4 f5 19. Ned2 Bd5 20. f3 hxg3 21. Nc4 Bg5
22. e4 Bxc4 0-1

[Event "Hilton Open 2013"]
[Site "Basel"]
[Date "2013.01.01"]
[Round "1.21"]
[White "Mladenov, Svetlin"]
[Black "Kaspereit, Holger"]
[Result "1-0"]
[WhiteElo "2407"]
[BlackElo "2094"]
[PlyCount "61"]
[EventDate "2013.01.??"]
[EventType "swiss"]
[EventRounds "7"]
[EventCountry "SUI"]
[SourceDate "2013.01.01"]

1. e4 d5 2. exd5 Qxd5 3. Nc3 Qd6 4. d4 Nf6 5. Nf3 Bg4 6. h3 Bh5 7. g4 Bg6 8.
Ne5 c6 9. Bf4 Qd8 10. h4 Be4 11. f3 Bd5 12. g5 Nfd7 13. Ng4 e6 14. Ne4 Bxe4 15.
fxe4 Qb6 16. Rh3 Qa5+ 17. c3 Be7 18. Qd2 Na6 19. a3 Rd8 20. b4 Qa4 21. Be2 c5
22. Bd1 Qc6 23. d5 Qc8 24. d6 Nb6 25. Rd3 Bf8 26. Ne5 Nb8 27. a4 N8d7 28. a5
Nxe5 29. Bxe5 Nd7 30. Ba4 h6 31. g6 1-0

[Event "Hilton Open 2013"]
[Site "Basel"]
[Date "2013.01.01"]
[Round "1.22"]
[White "Giesler, Julius"]
[Black "Georgiadis, Nico"]
[Result "0-1"]
[WhiteElo "2089"]
[BlackElo "2369"]
[PlyCount "50"]
[EventDate "2013.01.??"]
[EventType "swiss"]
[EventRounds "7"]
[EventCountry "SUI"]
[SourceDate "2013.01.01"]

1. e4 c5 2. Nf3 g6 3. c3 d5 4. exd5 Qxd5 5. d4 Bg7 6. Be2 cxd4 7. cxd4 Nf6 8.
O-O O-O 9. Nc3 Qd8 10. Qb3 b6 11. Rd1 Bb7 12. Bf4 e6 13. Rac1 Nc6 14. Be5 Qe7
15. Nb5 Rfd8 16. Ng5 Nd5 17. Qg3 f6 18. Bd6 Qd7 19. Ne4 f5 20. Ng5 a6 21. Nc7
Qxd6 22. Qh4 h6 23. Ngxe6 Nxc7 24. Nxd8 Rxd8 25. d5 Ne5 0-1

[Event "Hilton Open 2013"]
[Site "Basel"]
[Date "2013.01.01"]
[Round "1.23"]
[White "Filipovic, Branko"]
[Black "Klumpp, Jochen"]
[Result "1-0"]
[WhiteElo "2374"]
[BlackElo "2070"]
[PlyCount "45"]
[EventDate "2013.01.??"]
[EventType "swiss"]
[EventRounds "7"]
[EventCountry "SUI"]
[SourceDate "2013.01.01"]

1. e4 d6 2. d4 Nf6 3. Nc3 g6 4. f4 Bg7 5. Nf3 O-O 6. e5 Ne8 7. Be3 c5 8. dxc5
Nc6 9. Bc4 Bg4 10. h3 Bxf3 11. Qxf3 dxe5 12. O-O Nd4 13. Qf2 exf4 14. Qxf4 e5
15. Qe4 Nf6 16. Qd3 Qa5 17. b4 Qd8 18. Bg5 Nf5 19. g4 e4 20. Qxd8 Raxd8 21.
gxf5 Rd4 22. Bb3 Nd7 23. f6 1-0

[Event "Hilton Open 2013"]
[Site "Basel"]
[Date "2013.01.01"]
[Round "1.24"]
[White "Staechelin, Ruedi"]
[Black "Loetscher, Roland"]
[Result "0-1"]
[WhiteElo "2078"]
[BlackElo "2395"]
[PlyCount "64"]
[EventDate "2013.01.??"]
[EventType "swiss"]
[EventRounds "7"]
[EventCountry "SUI"]
[SourceDate "2013.01.01"]

1. e4 e5 2. Nf3 Nc6 3. Bb5 a6 4. Bxc6 dxc6 5. O-O Qf6 6. d4 exd4 7. Bg5 Qd6 8.
Qxd4 Qxd4 9. Nxd4 Bd7 10. Nd2 f6 11. Be3 O-O-O 12. Rad1 Ne7 13. N2b3 b6 14. Ne2
Ng6 15. Nbc1 Be7 16. Nd3 Rhe8 17. Ng3 Bf8 18. Rfe1 a5 19. f3 Be6 20. b3 Kb7 21.
Kf2 a4 22. Ne2 Ra8 23. Nef4 Bf7 24. Nxg6 hxg6 25. Ra1 g5 26. Red1 g4 27. Nb2
gxf3 28. gxf3 axb3 29. axb3 Bd6 30. Na4 Rh8 31. Rh1 Rh3 32. Rag1 Bh5 0-1

[Event "Hilton Open 2013"]
[Site "Basel"]
[Date "2013.01.01"]
[Round "1.25"]
[White "Faibisovich, Vadim Z"]
[Black "Tillmann, Marc"]
[Result "1-0"]
[WhiteElo "2349"]
[BlackElo "1999"]
[PlyCount "101"]
[EventDate "2013.01.??"]
[EventType "swiss"]
[EventRounds "7"]
[EventCountry "SUI"]
[SourceDate "2013.01.01"]

1. e4 e6 2. d4 d5 3. Nd2 Nf6 4. e5 Nfd7 5. f4 c5 6. c3 Nc6 7. Ndf3 cxd4 8. cxd4
Bb4+ 9. Bd2 Qb6 10. Ne2 O-O 11. Bxb4 Qxb4+ 12. Qd2 Qxd2+ 13. Kxd2 Nb6 14. b3
Bd7 15. Nc3 a6 16. Be2 Rac8 17. Rac1 Rc7 18. Nb1 Rfc8 19. Rc3 Na7 20. Rhc1 Rxc3
21. Nxc3 Kf8 22. Ne1 Ke7 23. Nd3 Bc6 24. Nc5 Nd7 25. Nd1 Nxc5 26. Rxc5 Kd7 27.
a4 h6 28. Ne3 b6 29. Rc3 Bb7 30. Rxc8 Bxc8 31. f5 Nc6 32. Kc3 Ke7 33. b4 a5 34.
b5 Nb4 35. g4 f6 36. Bd3 Nxd3 37. Kxd3 Kf7 38. h4 g6 39. fxg6+ Kxg6 40. Ng2 Bd7
41. Nf4+ Kf7 42. exf6 Kxf6 43. Ke3 Be8 44. h5 Bf7 45. Nd3 Bg8 46. Ne5 Ke7 47.
Kf4 Bh7 48. g5 hxg5+ 49. Kxg5 Bc2 50. h6 Bf5 51. Ng6+ 1-0

[Event "Hilton Open 2013"]
[Site "Basel"]
[Date "2013.01.01"]
[Round "1.26"]
[White "Mueller, Werner"]
[Black "Dimitrov, Atanas"]
[Result "1/2-1/2"]
[WhiteElo "2100"]
[BlackElo "2346"]
[PlyCount "87"]
[EventDate "2013.01.??"]
[EventType "swiss"]
[EventRounds "7"]
[EventCountry "SUI"]
[SourceDate "2013.01.01"]

1. e4 g6 2. d4 Bg7 3. g3 d5 4. e5 c5 5. c3 Nc6 6. Bg2 e6 7. Ne2 Nge7 8. Bg5 h6
9. Bxe7 Qxe7 10. O-O O-O 11. Nd2 Bd7 12. Rc1 Rac8 13. f4 a5 14. Nf3 b5 15. Qd2
Rfd8 16. g4 cxd4 17. cxd4 Qb4 18. Nc3 Ne7 19. Qf2 a4 20. a3 Qb3 21. Rb1 Qc4 22.
Rfc1 Qc6 23. Bf1 Qb6 24. Bd3 b4 25. Ne2 Bb5 26. Bxb5 Qxb5 27. Ng3 bxa3 28. bxa3
Qd3 29. Rd1 Qc2 30. Qxc2 Rxc2 31. Rdc1 Rxc1+ 32. Rxc1 Bf8 33. f5 Rc8 34. Rb1
Rc3 35. Kg2 Rxa3 36. Rb6 exf5 37. gxf5 Nxf5 38. Nxf5 gxf5 39. Rb5 Rb3 40. Rxd5
a3 41. Ra5 Rd3 42. d5 a2 43. Rxa2 Rxd5 44. Kg3 1/2-1/2

[Event "Hilton Open 2013"]
[Site "Basel"]
[Date "2013.01.01"]
[Round "1.27"]
[White "Lutz, Bernhard"]
[Black "Sommerhalder, Eric"]
[Result "0-1"]
[WhiteElo "2353"]
[BlackElo "2054"]
[PlyCount "50"]
[EventDate "2013.01.??"]
[EventType "swiss"]
[EventRounds "7"]
[EventCountry "SUI"]
[SourceDate "2013.01.01"]

1. d4 d5 2. c4 Bf5 3. cxd5 Bxb1 4. Qa4+ c6 5. Rxb1 Qxd5 6. Nf3 Nd7 7. b4 e5 8.
dxe5 Nxe5 9. Nxe5 Qxe5 10. b5 Rd8 11. Bd2 Qd5 12. Bc3 Nf6 13. bxc6 bxc6 14. f3
Bc5 15. e4 Qg5 16. Qxc6+ Nd7 17. Bd2 Qh4+ 18. g3 Qh5 19. Be2 O-O 20. Rb5 Qe5
21. Qd5 Qa1+ 22. Bd1 Ne5 23. Qb3 Qd4 24. Qe3 Nd3+ 25. Kf1 Qxe3 0-1

[Event "Hilton Open 2013"]
[Site "Basel"]
[Date "2013.01.01"]
[Round "1.28"]
[White "Stoeri, Laura"]
[Black "Bogdanovich, Grigory"]
[Result "0-1"]
[WhiteElo "2053"]
[BlackElo "2343"]
[PlyCount "70"]
[EventDate "2013.01.??"]
[EventType "swiss"]
[EventRounds "7"]
[EventCountry "SUI"]
[SourceDate "2013.01.01"]

1. e4 c5 2. Nf3 Nf6 3. Nc3 Nc6 4. d4 d5 5. exd5 Nxd5 6. Be2 Nxc3 7. bxc3 e6 8.
O-O Be7 9. Be3 O-O 10. Qd3 h6 11. Rfd1 Qc7 12. g3 cxd4 13. cxd4 Nb4 14. Qb5 Bd7
15. Qh5 Be8 16. c4 f5 17. Qh3 Rd8 18. Rd2 Bf6 19. a3 Nc6 20. Rad1 Na5 21. Qf1
Ba4 22. Rb1 b6 23. Bf4 Qe7 24. Rb4 Be8 25. Qd1 Nc6 26. Rb3 g5 27. Be3 Qg7 28.
Kh1 Na5 29. Rb1 Qc7 30. Rc1 f4 31. gxf4 gxf4 32. Bd3 fxe3 33. fxe3 Bh5 34. Qf1
Nb3 35. Rg2+ Bg7 0-1